Statistics for Most metal bands per capita outside of Europe

Click here to take the quiz!

General Stats

  • This quiz has been taken 36 times
    (19 since last reset)
  • The average score is 12 of 19

Answer Stats

Metal bands per 100 thousand peopleCountry% Correct
1.87Brazil
100%
7.30Canada
100%
5.50United States of America
100%
3.11Argentina
94%
6.92Australia
94%
6.66Chile
82%
5.55New Zealand
82%
1.95Columbia
71%
3.20Uruguay
59%
1.30Ecuador
53%
2.52Israel
53%
1.33Malaysia
47%
1.57Panama
47%
3.62Singapore
47%
1.38El Salvador
41%
2.37Costa Rica
35%
3.87Cyprus
29%
4.16Brunei
24%
1.52Maldives
24%

Score Distribution

Percentile by Number Answered

Percent of People with Each Score

Your Score History

You have not taken this quiz since the last reset